Breve reseña del poder judicial chileno y de las actividades de perfeccionamiento de sus jueces

Збережено в:
Бібліографічні деталі
Автор: Hermosilla Arriagada, Germán (Автор)
Формат: Книга
Мова:Іспанська
Опубліковано: Santiago CPU 1993
Предмети:
Теги: Додати тег
Немає тегів, Будьте першим, хто поставить тег для цього запису!

MARC

LEADER 00000nam a2200000 a 4500
001 UCY4448
003 CL-VaPUC
008 950313e19930000CL |||||||||||||||||spa|d
082 0 4 |a 342.05  |b HER  |2 21 
100 |a Hermosilla Arriagada, Germán  |e author  |9 767718 
245 1 0 |a Breve reseña del poder judicial chileno y de las actividades de perfeccionamiento de sus jueces 
300 |a 55 p 
942 |c BK 
945 |d 19950313 00:00:00  |a aalvarez 
260 |a Santiago  |b CPU  |c 1993 
650 0 |a Poder judicial  |9 254871 
650 7 |a JUECES FORMACION PROFESIONAL  |2 CL-VaPUC  |9 332905 
650 7 |a PERFECCIONAMIENTO PROFESIONAL  |2 CL-VaPUC  |9 332906 
651 7 |a CHILE  |2 CL-VaPUC  |9 332907 
583 |a last modification  |c 19950313 00:00:00  |k Rodrigo Vera 
999 |c 232308  |d 232306 
952 |0 0  |1 0  |2 ddc  |4 0  |6 342_050000000000000_HER_1993  |7 0  |8 A  |9 236451  |a BIBDER  |b BIBDER  |d 2019-11-15  |i 3063895  |o 342.05 HER 1993  |p 3063895  |r 2023-01-25  |w 2019-11-15  |y MX  |k DER 
952 |0 0  |1 0  |2 ddc  |4 0  |6 342_050000000000000_HER_1993  |7 0  |8 A  |9 236452  |a BIBDER  |b BIBDER  |d 2019-11-15  |i 3063925  |o 342.05 HER 1993  |p 3063925  |r 2023-01-25  |w 2019-11-15  |y MX  |k DER